000 00573nam a2200181 a 4500
001 000022967
005 20200930021912.0
008 780607s1972 sp 000 0 spa d
040 _aDO-SdBNP
_bspa
_cBNPHU
050 0 0 _aPQ6325
_b.A1 1968
082 _ann*
_bnn*
100 1 _aRosa-Nieves, Cesareo.
_93522
245 1 3 _aLa canción de los luceros /
_cCesareo Rosa-Nieves.
260 _aBarcelona :
_bMorivivi,
_c1972.
300 _a110 p. ;
_c18 cm.
500 _a"Serigrafía documental de un episodio humano en la tradición folklórica de Puerto Rico".
049 _aBNGR
999 _c22464
_d22464